| 000 | 01240nas a2200337 c 4500 | ||
|---|---|---|---|
| 999 |
_c294815 _d294815 |
||
| 003 | BLK | ||
| 005 | 20240803122745.0 | ||
| 008 | 180413b bul rap|r|||| |0| c1bulo| | ||
| 010 | _aPRD00003849002 | ||
| 022 | _a1311-1922 | ||
| 022 | _a9771311192050 | ||
| 040 | _aBLK | ||
| 041 |
_aBUL _cBUL |
||
| 080 |
_aЖилищна архитектура _b728 _z728 |
||
| 110 | 1 |
_aМедиа ЕООД _eРед. кол.: Мариана Светославова - глав. ред. и др. _9388511 |
|
| 245 | 1 | 0 |
_aИДЕАЛЕН ДОМ _bСписание за семейното жилище _c168 часа ЕООД ; Ред. кол.: Мариана Светославова - глав. ред. и др. _f1996, № 1, _nот тяло:201 до тяло:257 |
| 257 | _aBGR | ||
| 260 |
_b168 часа ЕООД _c1996 _9465988 _aСофия |
||
| 300 | _c30 | ||
| 380 | _a7 | ||
| 653 | _aобзавеждане | ||
| 852 | _aБ 1798 | ||
| 856 |
_qpdf _u |
||
| 856 |
_qpdf _u |
||
| 942 |
_cJOU _n0 _s1 _04 |
||
| 944 |
_aCR _cЛюбомир_Делиганев _k30534 _lРадостина Карадакова |
||
| 944 |
_aED _cЛюбомир_Делиганев _k10.03.2018 |
||
| 999 | _d294815 | ||
| 999 | _d294815 | ||
| 999 | _d294815 | ||